LA TEORIA PURA DEL DERECHO : (Registro nro. 39341)
[ vista simple ]
| 000 -LEADER | |
|---|---|
| fixed length control field | 00687nam a2200193 a 4500 |
| 001 - CONTROL NUMBER | |
| control field | 39341 |
| 005 - DATE AND TIME OF LATEST TRANSACTION | |
| control field | 20180714012849.0 |
| 008 - FIXED-LENGTH DATA ELEMENTS--GENERAL INFORMATION | |
| fixed length control field | 140415s1981 mx 000 0 spa d |
| 020 ## - INTERNATIONAL STANDARD BOOK NUMBER | |
| International Standard Book Number | 9706570695 |
| 041 ## - LANGUAGE CODE | |
| Language code of text/sound track or separate title | spa |
| 082 ## - DEWEY DECIMAL CLASSIFICATION NUMBER | |
| Classification number | 340 |
| Item number | KEL |
| 100 1# - MAIN ENTRY--PERSONAL NAME | |
| Personal name | KELSEN, HANS |
| 245 13 - TITLE STATEMENT | |
| Title | LA TEORIA PURA DEL DERECHO : |
| Remainder of title | INTRODUCCION A LA PROBLEMATICA CIENTIFICA DEL DERECHO |
| 250 ## - EDITION STATEMENT | |
| Edition statement | 2a ed. |
| 260 ## - PUBLICATION, DISTRIBUTION, ETC. | |
| Place of publication, distribution, etc. | MEXICO : |
| Name of publisher, distributor, etc. | EDITORA NACIONAL, |
| Date of publication, distribution, etc. | 1981 |
| 300 ## - PHYSICAL DESCRIPTION | |
| Extent | 215 |
| Dimensions | x 12 x 17 |
| 520 ## - SUMMARY, ETC. | |
| Summary, etc. | EN ESTE LIBRO EL AUTOR PRETENDE DAR RESPUESTA A LA IMPORTANTE CUESTIÓN SOBRE SI EL DERECHO ES UNA CIENCIA DE LA NATURALEZA O DEL ESPÍRITU. |
| 650 14 - SUBJECT ADDED ENTRY--TOPICAL TERM | |
| Topical term or geographic name entry element | DERECHAS E IZQUIERDAS (POLITICA) |
| Withdrawn status | Lost status | Source of classification or shelving scheme | Damaged status | Not for loan | Collection code | Home library | Current library | Shelving location | Date acquired | Source of acquisition | Inventory number | Total Checkouts | Full call number | Barcode | Date last seen | Date last checked out | Price effective from | Koha item type |
|---|---|---|---|---|---|---|---|---|---|---|---|---|---|---|---|---|---|---|
| Dewey Decimal Classification | General | Biblioteca Karol Wojtyla | Biblioteca Karol Wojtyla | Sala general | 03/12/2013 | Compra | 151000000000000000050897 | 340 KEL | 59043 | 05/01/2026 | 25/01/2017 | 03/12/2013 | Libro |